|
|
|
|
| LEADER |
01067nam a2200241 a 4500 |
| 001 |
14547 |
| 003 |
BD-DhAAL |
| 008 |
120708s1996 bg 000 0 ben |
| 020 |
|
|
|a 9840501577
|
| 040 |
|
|
|a DB-DhAAL
|c DB-DhAAL
|
| 041 |
0 |
|
|a ben
|
| 082 |
0 |
0 |
|a 954.92
|2 20
|
| 100 |
1 |
|
|a খান, রাও ফরমান আলী
|9 55813
|
| 245 |
1 |
0 |
|a বাংলাদেশের জন্ম /
|c রাও ফরমান আলী খান ;ভূমিকা মুনতাসীর মামুন
|
| 260 |
|
|
|a ঢাকা :
|b দি ইউনিভার্সিটি প্রেস লিমিটেড,
|c ১৯৯৬.
|
| 300 |
|
|
|a xxii, ১৯৯ পৃ. ;
|c ২২ সে.মি.
|
| 541 |
|
|
|e 00014547
|
| 651 |
|
0 |
|a Bangladesh
|x History.
|
| 700 |
1 |
|
|a মামুন, মুনতাসীর
|
| 852 |
1 |
|
|a Ayesha Abed Library
|c Bangabandhu Corner
|
| 942 |
|
|
|2 ddc
|c BK
|
| 999 |
|
|
|c 12535
|d 12535
|
| 952 |
|
|
|0 0
|1 0
|2 ddc
|4 0
|6 954_920000000000000_KHA
|7 0
|9 20694
|a BRACUL
|b BRACUL
|c BNC
|d 2012-07-09
|l 11
|m 83
|o 954.92 KHA
|p 3010014547
|r 2022-06-16
|s 2022-06-09
|t 1
|w 2012-07-09
|y BK
|